00000000nam##2200000za#4500
0019.537300
003CaOODSP
00520210305151644
007ta
008150406|2002||||xxc|||||     f|0| 0 eng|d
040 |aCaOODSP|beng
041 |aeng
041 |afre
043 |an-cn---
0861 |aYB372-5/1
1101 |aCanada. |bParliament. |bSenate.
24510|aNational Acadian Day Act : |b(An Act respecting a National Acadian Day) / |cThe Honourable Senator Comeau.
260 |bSenate |cFirst reading, October 2, 2002.
300 |a1p. ; |c28 cm.
4901 |aSenate of Canada bill|vS-5
563 |aProcessed
590 |a02-43|b2002-10-25
7760#|tLoi instituant la Journée de la fête nationale des Acadiens et des Acadiennes|w(CaOODSP)9.582202
792 |tLoi sur la Journée de la fête nationale des Acadiens et des Acadiennes : |efre|w(CaOODSP)9.537301
830#0|aSenate of Canada bill ;|vS-5|w(CaOODSP)9.510778